| 000 | 00589nam a2200181 a 4500 | ||
|---|---|---|---|
| 001 | 1344 | ||
| 003 | CDMR | ||
| 005 | 20131030102443.0 | ||
| 008 | 130130s1988||||||||||||||||||||||||||||d | ||
| 020 | _a8431310405 | ||
| 040 |
_aCDMR _bcat _cCDMR |
||
| 100 | 1 |
_aMorán Torres, Esteban _91042 |
|
| 245 | 1 | 0 |
_aGéneros del periodismo de opinión _b: crítica, comentario, columna, editorial _cEsteban Moran Torres |
| 260 |
_aPamplona _c1988 _bEdiciones Universidad de Navarra |
||
| 650 | 0 | 4 |
_93625 _aDiaris _vSeccions, columnes, etc _xOpinió |
| 650 | 0 | 4 |
_94193 _aGèneres periodístics |
| 942 |
_cMON _2udc |
||
| 999 |
_c1344 _d1344 |
||